<?xml version="1.0" encoding="UTF-8"?>
<marc:record xmlns:marc="http://www.loc.gov/MARC21/slim">
   <marc:leader>00000nam a2200000 a 4500</marc:leader>
   <marc:datafield ind1="1" ind2=" " tag="100">
      <marc:subfield code="a">Lustig, Peter</marc:subfield>
   </marc:datafield>
   <marc:datafield ind1="1" ind2=" " tag="100">
      <marc:subfield code="a">Hammesfahr, Guido</marc:subfield>
   </marc:datafield>
   <marc:datafield ind1="0" ind2="0" tag="245">
      <marc:subfield code="a">Best of Löwenzahn DVD 2 [Bildtonträger]</marc:subfield>
   </marc:datafield>
   <marc:datafield ind1="0" ind2="0" tag="245">
      <marc:subfield code="b">best of Fritz Fuchs</marc:subfield>
   </marc:datafield>
   <marc:datafield ind1="0" ind2="0" tag="245">
      <marc:subfield code="c">Mit Guido Hammesfahr, Peter Lustig</marc:subfield>
   </marc:datafield>
   <marc:datafield ind1=" " ind2="1" tag="264">
      <marc:subfield code="b">STUDIOCANAL</marc:subfield>
      <marc:subfield code="c">2014</marc:subfield>
   </marc:datafield>
   <marc:datafield ind1="1" ind2=" " tag="490">
      <marc:subfield code="a">Jubiläumsedition</marc:subfield>
   </marc:datafield>
   <marc:datafield ind1="1" ind2=" " tag="520">
      <marc:subfield code="a">Happy Birthday, Löwenzahn! Seit 30 Jahren erklärt die kultige Wissenssendung ihren kleinen und großen Fans spielerisch und unterhaltsam die Welt. Dies ist nicht zuletzt dem legendären Moderator Peter Lustig zu verdanken, der 2005 seinen wohlverdienten Ruhestand antrat. Mit Fritz Fuchs wurde ein ebenbürtiger Nachfolger gefunden und auch nach drei Jahrzehnten ist, toi toi toi, kein Ende der Fernsehära "Löwenzahn" in Sicht!</marc:subfield>
   </marc:datafield>
   <marc:datafield ind1=" " ind2=" " tag="020">
      <marc:subfield code="a">4006680055695</marc:subfield>
      <marc:subfield code="9">4006680055695</marc:subfield>
   </marc:datafield>
   <marc:datafield ind1=" " ind2=" " tag="500">
      <marc:subfield code="a">Orig. : 2010. Sprache: Deutsch (Dolby Digital 1.0), Deutsch (Dolby Digital 2.0 Stereo)</marc:subfield>
   </marc:datafield>
   <marc:datafield ind1="0" ind2=" " tag="490">
      <marc:subfield code="v">0</marc:subfield>
   </marc:datafield>
   <marc:datafield ind1=" " ind2=" " tag="300">
      <marc:subfield code="a">1 DVD (149 Min.) : farbig</marc:subfield>
   </marc:datafield>
</marc:record>
